| Registos Bibliográficos associados ao registo de autoridade |
|
Etiqueta de registo: 00254nam 2200025 450 001 2232854 003 http://id.bnportugal.gov.pt/bib/catbnp/2232854 010 ## $a978-989-38-0572-5 021 ## $aPT$b555655/25 100 ## $a20251126d2025 m y0pory01030103ba 101 0# $apor 102 ## $aPT 105 ## $aa z 000gy 106 ## $ar 200 1# $a50 x eu$fMartins da Cruz 210 #9 $aLisboa$cPoesia Impossível,$d2025 215 ## $a70, [10] p.$cil.$d23 cm 675 ## $a821.134.3-1"20"$vBN$zpor$31023893 700 #1 $aCruz,$bMartins da,$f1965-$31973172 801 #0 $aPT$bBN$gRPC 856 41 $uhttp://rnod.bnportugal.gov.pt/ImagesBN/winlibimg.aspx?skey=&doc=2232854&img=216409&save=true 900 ## $aBIBNAC$d20260109 966 ## $lBN$mFGMON$sL. 179662 V.$x1 966 ## $lBN$mFGMON$sL. 179662 V.-D$x1 971 ## $cabrito$d20251126 972 ## $e0$z0$d20260109$viquintas 973 ## $caalmeid$d20251209
Etiqueta de registo: 00254nam 2200025 450 001 2286936 003 http://id.bnportugal.gov.pt/bib/catbnp/2286936 010 ## $a978989-38-1309-6 021 ## $aPT$b562307/26 100 ## $a20260526d2026 m y0pory01030103ba 101 0# $apor 102 ## $aPT 105 ## $aa z 000yy 106 ## $ar 200 1# $aDe manhã já era tarde$fMartins da Cruz$gil. Bárbara Velasco Anes 210 #9 $a[S.l.]$cPoesia Impossível,$d2026 215 ## $a67, [6] p.$cil.$d23 cm 700 #1 $aCruz,$bMartins da,$f1965-$31973172 702 #1 $aAnes,$bBárbara Velasco,$f1983-$4440$31746451 801 #0 $aPT$bBN$gRPC 966 ## $lBN$mFGMON$x1 966 ## $lBN$mFGMON$x1 971 ## $cabrito$d20260526
|
|
|